Complete the Card - WWE WrestleMania XX - Statistics

General Stats
  • This quiz has been taken 948 times
    944 since last reset
  • The average score is 31 of 50
Answer Stats
Answer % Correct
Triple H
97%
Shawn Michaels
95%
Chris Benoit
93%
John Cena
92%
Eddie Guerrero
91%
Kurt Angle
91%
Randy Orton
90%
The Big Show
89%
Batista
88%
The Rock
88%
Ric Flair
87%
Kane
86%
The Undertaker
86%
Brock Lesnar
85%
Mick Foley
83%
Chavo Guerrero
82%
Rey Mysterio
81%
Goldberg
79%
Christian
76%
Chris Jericho
75%
Molly Holly
70%
Bubba Ray Dudley
67%
D-Von Dudley
67%
Booker T
63%
Rob Van Dam
63%
Torrie Wilson
61%
Victoria
61%
Sable
52%
Shelton Benjamin
50%
Stacy Keibler
50%
Charlie Haas
46%
Tajiri
46%
Billy Kidman
45%
Jamie Noble
45%
Bradshaw
44%
Rikishi
44%
Faarooq
43%
Rene Dupree
42%
Scotty 2 Hotty
41%
Ultimo Dragon
40%
Rob Conway
37%
Danny Basham
36%
Doug Basham
36%
Funaki
33%
Miss Jackie
31%
Garrison Cade
30%
Mark Jindrak
30%
Nunzio
28%
Akio
27%
Shannon Moore
27%
No matching quizzes found
Score Distribution
Percent of People with Each Score
Percentile by Number Answered
Your Score History
You have not taken this quiz since the last reset